|
|
|
|
| LEADER |
01293nam a2200349 4500 |
| 001 |
DLU110121585 |
| 005 |
##20110520 |
| 008 |
##970919s1998 caua b 001 0 eng |
| 010 |
# |
# |
|a 97080441
|
| 020 |
# |
# |
|a 012443861X (v. 1 : acid-free paper)
|
| 035 |
# |
# |
|9 (DLC) 97080441
|
| 040 |
# |
# |
|a DLC
|c DLC
|d DLC
|
| 082 |
# |
# |
|a 006.32
|b Opt
|
| 245 |
# |
# |
|a Optimization techniques.
|n t.II,
|p Neural network systems, techniques, and applications /
|c edited by Cornelius T. Leondes.
|
| 260 |
# |
# |
|a San Diego :
|b Academic Press,
|c c1998.
|
| 300 |
# |
# |
|a xx, 398 p. :
|b ill. ;
|c 28 cm.
|
| 504 |
# |
# |
|a Includes bibliographical references and indexes.
|
| 505 |
# |
# |
|a v. 1. Algorithms and architectures -- v. 2. Optimization techniques -- v. 3. Implementation techniques -- v. 4. Industrial and manufacturing systems -- v. 5. Image processing and pattern recognition -- v. 6. Fuzzy logic and expert systems applications -- v. 7. Control and dynamic systems.
|
| 650 |
# |
# |
|a Neural networks (Computer science)
|
| 700 |
# |
# |
|a Leondes, Cornelius T.
|
| 923 |
# |
# |
|a 01/2011TN
|
| 990 |
# |
# |
|a t.II
|
| 991 |
# |
# |
|a GT
|
| 992 |
# |
# |
|a 0
|
| 994 |
# |
# |
|a KTN
|
| 900 |
# |
# |
|a True
|
| 911 |
# |
# |
|a Đào Thị Thu Huyền
|
| 925 |
# |
# |
|a G
|
| 926 |
# |
# |
|a A
|
| 927 |
# |
# |
|a SH
|
| 980 |
# |
# |
|a Thư viện Trường Đại học Đà Lạt
|